000 01332nam a22002655i 4500
001 172925
003 ES-MaACL
005 20250801082748.0
008 090916s1998 pr |||| | spa d
020 _a0-9650052-0-8
245 0 0 _aVírgenes, magos y escapularios
_b: imagineria, etnicidad y religiosidad popular en Puerto Rico /
_cAngel G. Quintero Rivera, editor con las colaboraciones de Fernando Pico..[et al.] ; ilustrato con fotos de Jack Delano y Hector Mendez Caratini.
260 _aSan Juan de Puerto Rico :
_bUniversidad de Puerto Rico ;
_aRio Piedras :
_bCentro de Investigaciones Sociales :
_bFundacion Puertorriqueña de las Humanidades,
_c1998.
300 _a213 p. :
_bil. ;
_c25 cm.
650 4 _aFolklore-
_zPuerto Rico.
_9154562
650 4 _aReligiosidad popular-
_zPuerto Rico.
_9154563
651 4 _aPuerto Rico-
_xUsos y costumbres.
_99293
700 0 _aQuintero Rivera, Angel G.
_994729
700 0 _aPicó, Fernando.
_991861
700 0 _aDelano, Jack.
_943312
700 1 _aMéndez Caratini, Héctor.
_9154564
852 _aES-MaACL
_jA-13053
_9179594
_bR.126857
_cDEPO1
_dOlim: N-6053
_gDedicatoria autógrafa del colaborador Arcadio Díaz Quiñones
_hDonación: Arcadio Díaz Quiñones
903 _aDíaz Quiñones, Arcadio,
_d1940-
_ednr
_944401
942 _2udc
_cMONOGRAFIA
999 _c172925
_d172925